BIBLIOTECA PODER JUDICIAL
Portal Judicial TDF

El derecho a la desconexión digital y la salud del trabajador / (Registro nro. 6039)

000 -LEADER
fixed length control field 01549nab a22002777a 4500
003 - CONTROL NUMBER IDENTIFIER
control field OSt
005 - DATE AND TIME OF LATEST TRANSACTION
control field 20260118202836.0
008 - FIXED-LENGTH DATA ELEMENTS--GENERAL INFORMATION
fixed length control field 190605e xxu||||| |||| 00| 0 spa d
040 ## - CATALOGING SOURCE
Transcribing agency PJ
100 ## - MAIN ENTRY--PERSONAL NAME
9 (RLIN) 6164
Personal name Moscuzza, Stella Maris
245 13 - TITLE STATEMENT
Title El derecho a la desconexión digital y la salud del trabajador /
Statement of responsibility, etc Stella Maris Moscuzza.
260 ## - PUBLICATION, DISTRIBUTION, ETC. (IMPRINT)
Place of publication, distribution, etc Ciudad Autónoma de Buenos Aires :
Name of publisher, distributor, etc Thomson Reuters La Ley,
Date of publication, distribution, etc 2025.
300 ## - PHYSICAL DESCRIPTION
Extent p. 56-72
500 ## - GENERAL NOTE
General note Cita: TR LALEY AR/DOC/1471/2025.<br/><br/>
505 ## - FORMATTED CONTENTS NOTE
Formatted contents note Sumario: I. Introducción.— II. El tiempo de trabajo y los descansos. Antecedentes normativos.— III. El derecho al descanso laboral y la desconexión digital.— IV. Hiperconectividad y salud del trabajador.— V. Hiperconectividad, violencia del poder empresarial y buenas prácticas empresariales.— VI. El derecho a la desconexión digital como garante del bienestar laboral.— VII. El derecho a la desconexión y la negociación colectiva.— VIII. Conclusiones.— IX. Bibliografía.
505 ## - FORMATTED CONTENTS NOTE
Title ¿Te interesa el texto completo? Solicitalo al correo: koha@justierradelfuego.gov.ar
650 #0 - SUBJECT ADDED ENTRY--TOPICAL TERM
9 (RLIN) 1316
Topical term or geographic name as entry element DERECHO LABORAL
650 #0 - SUBJECT ADDED ENTRY--TOPICAL TERM
9 (RLIN) 273
Topical term or geographic name as entry element DERECHO INFORMATICO
650 #0 - SUBJECT ADDED ENTRY--TOPICAL TERM
9 (RLIN) 4439
Topical term or geographic name as entry element TELETRABAJO
650 #0 - SUBJECT ADDED ENTRY--TOPICAL TERM
9 (RLIN) 1402
Topical term or geographic name as entry element JORNADA DE TRABAJO
650 #0 - SUBJECT ADDED ENTRY--TOPICAL TERM
9 (RLIN) 1570
Topical term or geographic name as entry element DERECHOS DEL TRABAJADOR
650 #0 - SUBJECT ADDED ENTRY--TOPICAL TERM
9 (RLIN) 1361
Topical term or geographic name as entry element SALUD DEL TRABAJADOR
653 ## - INDEX TERM--UNCONTROLLED
Uncontrolled term DESCANSO DIARIO
773 0# - HOST ITEM ENTRY
Host Biblionumber 2711
Host Itemnumber 3168
Place, publisher, and date of publication Ciudad Autónoma de Buenos Aires : Thomson Reuters La Ley, 1999-2002.
Title Revista de derecho del trabajo. Nº 6 - Noviembre 2025
942 ## - ADDED ENTRY ELEMENTS (KOHA)
Source of classification or shelving scheme
Koha item type Analítica Artículo de Revista

No hay ítems disponibles.

12 de Octubre 789 Ushuaia - Tel:  54(02901)441571
Horario de Atención: 8.00 a 17.00 hs. 
bibliotecaush@justierradelfuego.gov.ar
koha@justierradelfuego.gov.ar
Seguinos en nuestras redes @bibliojustdf 

Con tecnología Koha